La gran bebida (Record no. 85929)

MARC details
000 -LEADER
campo de control de longitud fija 00618nam a2200205 i 4500
001 - NÚMERO DE CONTROL
campo de control 85929
003 - IDENTIFICADOR DE NÚMERO DE CONTROL
campo de control ES-MaACL
005 - FECHA Y HORA DE LA ÚLTIMA TRANSACCIÓN
campo de control 20230906175334.0
007 - CAMPO FIJO DE DESCRIPCIÓN FÍSICA--INFORMACIÓN GENERAL
campo de control de longitud fija t|
008 - DATOS DE LONGITUD FIJA--INFORMACIÓN GENERAL
campo de control de longitud fija 041202s1961 sp a |||| | spa d
080 ## - NÚMERO DE LA CLASIFICACIÓN DECIMAL UNIVERSAL
Número de la Clasificación Decimal Universal 663.864
100 1# - ENTRADA PRINCIPAL--NOMBRE DE PERSONA
Nombre de persona Kahn, E. J.
9 (RLIN) 67419
245 13 - MENCIÓN DEL TÍTULO
Título La gran bebida
Resto del título : historia de Coca-Cola /
Mención de responsabilidad, etc. E.J. Kahn ; [versión española de Marcelo Miralles Casas].
246 30 - FORMA VARIANTE DEL TITULO
Título propio/Titulo breve Historia de Coca-Cola
260 ## - PUBLICACIÓN, DISTRIBUCIÓN, ETC.
Lugar de publicación, distribución, etc. Barcelona :
Nombre del editor, distribuidor, etc. Bruguera,
Fecha de publicación, distribución, etc. [1961]
300 ## - DESCRIPCIÓN FÍSICA
Extensión 189 p. :
Otras características físicas il. ;
Dimensiones 22 cm.
650 #4 - PUNTO DE ACCESO ADICIONAL DE MATERIA--TÉRMINO DE MATERIA
Término de materia o nombre geográfico como elemento de entrada Bebidas gaseosas.
9 (RLIN) 150010
700 1# - ENTRADA AGREGADA--NOMBRE PERSONAL
Nombre de persona Miralles, Marcelo.
9 (RLIN) 81496
852 ## - LOCALIZACIÓN
Ubicación ES-MaACL
Número de control de estantería C-20394
Holdings
Estatus retirado Estado de pérdida Estado de daño No para préstamo Biblioteca de origen Biblioteca actual Ubicación en estantería Fecha de adquisición Fuente de adquisición Total de préstamos Signatura topográfica completa Código de barras Visto por última vez Precio de reemplazo Tipo de ítem Koha
        Biblioteca del Ateneo de Madrid Biblioteca del Ateneo de Madrid Galería 17/01/2008     C-20394 1089794 23/02/2023 23/02/2023 Libro impreso